| 000 | 00835nam a22002897a 4500 | ||
|---|---|---|---|
| 003 | CHAP | ||
| 005 | 20220329140612.0 | ||
| 008 | 971013s1952 r 00010 d | ||
| 010 | _a54606 | ||
| 011 | _a55578 | ||
| 035 | _a59730 | ||
| 040 | _cCHAP | ||
| 082 |
_a634.95 _bT76 |
||
| 100 | 0 | 0 |
_aTroup. Robert Scott. _9115333 |
| 245 | _aSilvicultura systems | ||
| 250 | _a2 ed. | ||
| 260 |
_aOxford : _bClarendon Press, _c1952 |
||
| 300 |
_a216 p. _b: ilus. |
||
| 590 |
_aBATCH-UPD _b10 _c20130110 _lUCH01 _h0826 |
||
| 590 |
_aBATCH-UPD _b10 _c20130410 _lUCH01 _h0503 |
||
| 590 |
_aBATCH-UPD _b10 _c20130914 _lUCH01 _h0702 |
||
| 590 |
_aCONVERSION _b10 _c20130109 _lUCH01 _h1329 |
||
| 650 | 1 | 4 |
_aBosques _xAdministración. _914003 |
| 901 | _aBK | ||
| 942 | _cLIBRO | ||
| 949 |
_a634.95 T76 _bBC _cLIBRO _d33724000235677 _eLIBRO _h23768 _i59730 _si |
||
| 999 |
_c54606 _d54606 |
||